000 00469nam a2200181Ia 4500
008 240925s9999 xx 000 0 und d
020 _a9789332518605
082 _a620.1123 HIB
100 _aHibbeler ,Russell C.
245 0 _aMechanics of Materials
250 _a9th
260 _aNew Delhi:
_bPearson Education
_c,2014.
300 _a407p.
_bNA
_fOriginal
500 _aIncludes Index
600 _aElectrical Engineering
650 _aTechnology
942 _cBK
999 _c13009
_d13009